Central Library OPAC University of Rajshahi

Riot after riot : (Record no. 43103)

MARC details
000 -LEADER
fixed length control field 00788nam a2200265 a 4500
001 - CONTROL NUMBER
control field 43103
003 - CONTROL NUMBER IDENTIFIER
rucl marc code BD-RjUL
005 - DATE AND TIME OF LATEST TRANSACTION
control field 20211209053640.0
008 - FIXED-LENGTH DATA ELEMENTS--GENERAL INFORMATION
fixed length control field 161211s1988 ii 000 0 eng
020 ## - INTERNATIONAL STANDARD BOOK NUMBER
International Standard Book Number 0140110267 :
Terms of availability Rs55.00
035 ## - SYSTEM CONTROL NUMBER
System control number (BD-RjUL)43221
040 ## - CATALOGING SOURCE
Original cataloging agency DLC
Transcribing agency DLC
Modifying agency DLC
Language of cataloging eng
041 ## - LANGUAGE CODE
Language code of text/sound track or separate title eng
082 00 - DEWEY DECIMAL CLASSIFICATION NUMBER
Classification number 302.14
Edition number 23
Author mark and year AKR 1988
100 1# - MAIN ENTRY--PERSONAL NAME
Personal name Akbar, M. J.
9 (RLIN) 132360
245 10 - TITLE STATEMENT
Title Riot after riot :
Remainder of title reports on cast and communal violence in India /
Statement of responsibility, etc. M.J. Akbar.
260 ## - PUBLICATION, DISTRIBUTION, ETC. (IMPRINT)
Place of publication, distribution, etc. New Delhi, India :
-- New York, N.Y. :
Name of publisher, distributor, etc. Penguin Books,
Date of publication, distribution, etc. 1988.
300 ## - PHYSICAL DESCRIPTION
Pagination 175 p. ;
Size 21 cm.
520 ## - SUMMARY, ETC.
Summary, etc. Covers post-1977 period.
650 #0 - SUBJECT ADDED ENTRY--TOPICAL TERM
Topical term or geographic name as entry element Communalism
9 (RLIN) 132361
Topical term or geographic name as entry element Riots
9 (RLIN) 132362
651 #0 - SUBJECT ADDED ENTRY--GEOGRAPHIC NAME
General subdivision Ethnic relations.
9 (RLIN) 132363
942 ## - ADDED ENTRY ELEMENTS (KOHA)
Source of classification or shelving scheme Dewey Decimal Classification
Koha item type Books
Holdings
Lost status Source of classification or shelving scheme Damaged status Not for loan Collection code Permanent Location Current Location Shelving location Date acquired Source of acquisition Cost, normal purchase price Total Checkouts Full call number Date last seen Copy number Koha item type
  Dewey Decimal Classification     Non-fiction Central Library, University of Rajshahi Central Library, University of Rajshahi   23/06/1996 sagor publisher, Dhaka 65.00   302.14 AKR 1988 19/06/2016 C-2 Books